El contrato de transporte aéreo internacional: comentarios al Convenio de Varsovia

Сохранить в:
Библиографические подробности
Главный автор: Mapelli López, Enrique (autor)
Формат:
Язык:испанский
Опубликовано: Madrid Tecnos 1968
Серии:Biblioteca Tecnos de Estudios Jurídicos
Предметы:
Метки: Добавить метку
Нет меток, Требуется 1-ая метка записи!

MARC

LEADER 00000nam a2200000 a 4500
001 UCV4529
003 CL-VaPUC
008 871006e19680000SP |||||||||||||||||spa|d
082 0 4 |a 341.756  |b MAP  |2 21 
100 |a Mapelli López, Enrique  |e autor  |9 413216 
245 1 3 |a El contrato de transporte aéreo internacional: comentarios al Convenio de Varsovia 
300 |a 344 p 
942 |c BK 
945 |d 19871006 00:00:00 
260 |a Madrid  |b Tecnos  |c 1968 
650 7 |a AVIACION COMERCIAL  |2 CL-VaPUC  |9 260764 
650 0 |a Derecho y legislación   |9 255077 
650 0 |a Derecho aéreo  |9 260765 
650 0 |a Contratos  |9 255153 
650 7 |a DERECHO INTERNACIONAL PUBLICO  |2 CL-VaPUC  |9 298758 
583 |a last modification  |c 19871006 00:00:00  |k Rodrigo Vera 
490 0 |a Biblioteca Tecnos de Estudios Jurídicos 
999 |c 211310  |d 211308 
952 |0 0  |1 0  |4 0  |6 341_756000000000000_MAP_1968  |7 0  |8 A  |9 190207  |a BIBING  |b BIBING  |d 2019-11-14  |i 2579057  |o 341.756 MAP 1968  |p 2579057  |r 2025-01-20  |w 2019-11-14  |y BK  |k TRA 
952 |0 0  |1 0  |4 0  |6 341_756000000000000_MAP_1968  |7 0  |8 A  |9 190208  |a BIBDER  |b BIBDER  |d 2019-11-14  |i 2001187  |o 341.756 MAP 1968  |p 2001187  |r 2023-01-25  |w 2019-11-14  |y BK  |k DER